[Event "Moscow op-A 16th"]
[Site "Moscow"]
[Date "2020.01.31"]
[Round "7"]
[White "Ospennikov, Dmitry V"]
[Black "Abramov, Ilya1111"]
[Result "0-1"]
[WhiteElo "2357"]
[BlackElo "2049"]
[PlyCount "72"]
[EventDate "2020.01.25"]
[EventType "swiss"]
[EventRounds "9"]
[EventCountry "RUS"]
[SourceTitle "CBM 194 Extra"]
[Source "ChessBase"]
[SourceDate "2020.03.31"]
[SourceVersion "1"]
[SourceVersionDate "2020.03.31"]
[SourceQuality "1"]

1. e4 e6 2. d4 d5 3. Nd2 Nf6 4. e5 Nfd7 5. c3 c5 6. Bd3 Nc6 7. Ne2 cxd4 8. cxd4 f6 9. exf6 Nxf6 10. 0-0 Bd6 11. Nf3 0-0 12. Bg5 e5 13. dxe5 Nxe5 14. Ned4 Qc7 15. h3 Ne4 16. Bxe4 dxe4 17. Nd2 Bc5 18. Nxe4 Bb6 19. Rc1 Qf7 20. Nd6 Qg6 21. Nxc8 Raxc8 22. Rxc8 Rxc8 23. Be3 Qe4 24. Qb3+ Kh8 25. Qe6 Rf8 26. Kh1 Qd3 27. Rc1 Ng6 28. Nf3 Bxe3 29. Qxe3 Qb5 30. b3 Qa5 31. a4 h6 32. Qe4 Qb6 33. a5 Qa6 34. b4 Nf4 35. Ne5 Qf6 36. Ng4 Qb2 0-1

[Event "Sochi ChessAmateur op10"]
[Site "Sochi"]
[Date "2018.10.16"]
[Round "7"]
[White "Ospennikov, Dmitry V"]
[Black "Bykova, Anastasia"]
[Result "1/2-1/2"]
[WhiteElo "2289"]
[BlackElo "2168"]
[PlyCount "138"]
[EventDate "2018.10.12"]
[EventType "swiss"]
[EventRounds "9"]
[EventCountry "RUS"]
[SourceTitle "CBM 187 Extra"]
[Source "ChessBase"]
[SourceDate "2018.11.04"]
[SourceVersion "1"]
[SourceVersionDate "2018.11.04"]
[SourceQuality "1"]

1. e4 c6 2. Nc3 d5 3. Nf3 Bg4 4. h3 Bxf3 5. Qxf3 Nf6 6. d3 e6 7. Bd2 Qb6 8. 0-0-0 d4 9. Ne2 a5 10. g4 Na6 11. h4 a4 12. g5 Nd7 13. Bh3 a3 14. b3 Bb4 15. Bf4 Qc5 16. c4 Qb6 17. h5 Nac5 18. Kc2 Qa5 19. g6 hxg6 20. hxg6 fxg6 21. Bxe6 Rxh1 22. Bf7+ Kxf7 23. Bc7+ Kg8 24. Bxa5 Rxd1 25. Kxd1 Bxa5 26. Qg3 Nxb3 27. Qxg6 Nbc5 28. f4 Nf8 29. Qg3 Bc7 30. e5 Rd8 31. Kc2 b5 32. cxb5 cxb5 33. Qf3 g6 34. Qc6 Nfe6 35. Nc1 Kf7 36. Nb3 Na4 37. Nd2 Nac5 38. Ne4 Nxe4 39. dxe4 d3+ 40. Kd1 Re8 41. Qd5 Rd8 42. Qb7 Rb8 43. Qa7 Re8 44. f5 gxf5 45. exf5 Re7 46. Qg1 Nf4 47. f6 Rxe5 48. Qg7+ Ke6 49. f7 Bd6 50. Qg8 Kf6 51. Qd8+ Kxf7 52. Qxd6 Rf5 53. Kd2 Kg7 54. Ke3 d2 55. Qxd2 Ne6 56. Ke4 Kg6 57. Qd6 Kf6 58. Qxa3 Re5+ 59. Kf3 Nd4+ 60. Kg4 Rg5+ 61. Kf4 Ne6+ 62. Kf3 Rf5+ 63. Kg4 Rf4+ 64. Kg3 Rf5 65. Qc3+ Kg6 66. Qc8 Kf6 67. Qh8+ Kg6 68. a3 Kg5 69. Qh7 Kf6 1/2-1/2

[Event "Tatarstan-ch"]
[Site "Kazan"]
[Date "2017.09.20"]
[Round "7"]
[White "Sadykov, Ramil"]
[Black "Ospennikov, Dmitry V"]
[Result "1-0"]
[WhiteElo "2356"]
[BlackElo "2199"]
[PlyCount "121"]
[EventDate "2017.09.15"]
[EventType "swiss"]
[EventRounds "9"]
[EventCountry "RUS"]
[SourceTitle "CBM 180 Extra"]
[Source "ChessBase"]
[SourceDate "2017.10.06"]
[SourceVersion "1"]
[SourceVersionDate "2017.10.06"]
[SourceQuality "1"]

1. e4 e5 2. Nf3 Nc6 3. Bb5 a6 4. Ba4 Nf6 5. 0-0 Be7 6. Re1 b5 7. Bb3 d6 8. c3 0-0 9. h3 Bb7 10. d3 h6 11. Nbd2 Re8 12. Nf1 Bf8 13. Ne3 Na5 14. Bc2 c5 15. Nh2 d5 16. Nhg4 d4 17. Nf5 Kh7 18. Qf3 Nxg4 19. hxg4 g6 20. b4 cxb4 21. cxb4 Nc6 22. Bb3 Qd7 23. Nxh6 Bxh6 24. Qh3 g5 25. Bxg5 Qd6 26. Bd2 Kg7 27. g5 Bxg5 28. Bxg5 Nxb4 29. Bd2 Nc6 30. f4 Rh8 31. Qf3 Qh6 32. Bd5 Nd8 33. Rac1 Rc8 34. Bxb7 Nxb7 35. Rxc8 Qh1+ 36. Kf2 Qh4+ 37. Ke2 Rxc8 38. fxe5 Rc2 39. Rf1 Nd8 40. Kd1 Rxa2 41. e6 Ra1+ 42. Ke2 Rxf1 43. Kxf1 Nxe6 44. Kg1 Nf8 45. Qf5 Ng6 46. Bg5 Qe1+ 47. Kh2 Qe2 48. Bf6+ Kg8 49. Bxd4 Kf8 50. Bf6 Kg8 51. Bd4 Kf8 52. Qc8+ Ke7 53. Qc5+ Ke8 54. Bf6 Kd7 55. Qd5+ Kc8 56. Qc6+ Kb8 57. Qe8+ Kb7 58. Qxf7+ Kc6 59. Qxg6 Qxd3 60. Bd4+ Kd7 61. Qf7+ 1-0

[Event "Tatarstan-ch"]
[Site "Kazan"]
[Date "2017.09.18"]
[Round "5"]
[White "Rodchenkov, Vitaly"]
[Black "Ospennikov, Dmitry V"]
[Result "1/2-1/2"]
[WhiteElo "2306"]
[BlackElo "2199"]
[PlyCount "92"]
[EventDate "2017.09.15"]
[EventType "swiss"]
[EventRounds "9"]
[EventCountry "RUS"]
[SourceTitle "CBM 180 Extra"]
[Source "ChessBase"]
[SourceDate "2017.10.06"]
[SourceVersion "1"]
[SourceVersionDate "2017.10.06"]
[SourceQuality "1"]

1. e4 c5 2. Nf3 e6 3. g3 d5 4. exd5 exd5 5. d4 Nc6 6. Bg2 Nf6 7. 0-0 Be7 8. Nc3 0-0 9. Bg5 h6 10. Bxf6 Bxf6 11. dxc5 Bxc3 12. bxc3 Qa5 13. Qxd5 Qxc3 14. Rab1 Rd8 15. Qh5 Be6 16. Rxb7 Rd5 17. Qh4 Rad8 18. Qa4 Rxc5 19. Rc7 Rc4 20. Qb3 Qa5 21. Rb7 Rb4 22. Rxb4 Bxb3 23. Rxb3 Qxa2 24. Rb7 Qxc2 25. Ne1 Qa4 26. Bxc6 Qxc6 27. Rxa7 Rd1 28. Ra2 Qe4 29. Ra3 Rxe1 30. Rxe1 Qxe1+ 31. Kg2 Qe4+ 32. Kg1 g5 33. Re3 Qd5 34. h3 f5 35. Re1 Kf7 36. Re3 h5 37. Ra3 Kf6 38. Ra6+ Ke5 39. Ra3 f4 40. gxf4+ gxf4 41. Kh2 h4 42. Kg1 Qc5 43. Rb3 Ke4 44. Kg2 f3+ 45. Kh1 Qxf2 46. Rb4+ Kd5 1/2-1/2

[Event "Tatarstan-ch"]
[Site "Kazan"]
[Date "2017.09.17"]
[Round "3"]
[White "Sharafiev, Azat"]
[Black "Ospennikov, Dmitry V"]
[Result "1-0"]
[WhiteElo "2433"]
[BlackElo "2199"]
[PlyCount "129"]
[EventDate "2017.09.15"]
[EventType "swiss"]
[EventRounds "9"]
[EventCountry "RUS"]
[SourceTitle "CBM 180 Extra"]
[Source "ChessBase"]
[SourceDate "2017.10.06"]
[SourceVersion "1"]
[SourceVersionDate "2017.10.06"]
[SourceQuality "1"]

1. c4 Nf6 2. Nc3 g6 3. e4 d6 4. d4 Bg7 5. f3 0-0 6. Be3 Nc6 7. Nge2 a6 8. Qd2 Rb8 9. Rb1 b5 10. cxb5 axb5 11. b4 e5 12. d5 Ne7 13. Ng3 Bd7 14. Be2 Ne8 15. 0-0 f5 16. exf5 gxf5 17. f4 Ng6 18. Nh5 Bh8 19. fxe5 dxe5 20. Bg5 Qc8 21. Rbc1 Nd6 22. Qe3 f4 23. Qf2 Bg4 24. h3 Bf5 25. g4 Be4 26. Rfe1 Qb7 27. Bxb5 Bxd5 28. Nxd5 Nxb5 29. Red1 Nd4 30. Rxd4 exd4 31. Nhf6+ Bxf6 32. Nxf6+ Rxf6 33. Bxf6 d3 34. Bc3 Qd5 35. Rd1 Rd8 36. h4 h5 37. g5 Qf5 38. Qf3 Nxh4 39. Qxh5 Ng6 40. Rd2 Rd7 41. Qf3 Kf7 42. Bf6 Qd5 43. Qxd5+ Rxd5 44. a4 c6 45. a5 Ke6 46. Kf2 Nh4 47. Rd1 Kf5 48. a6 Rd7 49. Bc3 Kxg5 50. Ra1 d2 51. Ke2 f3+ 52. Kd1 Ra7 53. Bxd2+ Kf5 54. Be3 Ra8 55. a7 Ke4 56. Bf2 Nf5 57. Kd2 Nd6 58. Bc5 Kd5 59. Ke3 Nb5 60. Kxf3 Kc4 61. Ra6 Nxa7 62. Kf4 Kb5 63. Ra1 Kc4 64. Kf5 Kb5 65. Ke4 1-0

[Event "Tatarstan-ch"]
[Site "Kazan"]
[Date "2016.09.18"]
[Round "3"]
[White "Sadykov, Ramil"]
[Black "Ospennikov, Dmitry V"]
[Result "0-1"]
[WhiteElo "2364"]
[BlackElo "2275"]
[PlyCount "78"]
[EventDate "2016.09.16"]
[EventType "swiss"]
[EventRounds "9"]
[EventCountry "RUS"]
[SourceTitle "CBM 174 Extra"]
[Source "ChessBase"]
[SourceDate "2016.10.10"]
[SourceVersion "1"]
[SourceVersionDate "2016.10.10"]
[SourceQuality "1"]

1. e4 e5 2. Nf3 Nc6 3. Bb5 Nge7 4. Nc3 g6 5. d4 exd4 6. Nd5 Nxd5 7. exd5 Qe7+ 8. Kf1 Ne5 9. Nxe5 Qxe5 10. Qf3 Bg7 11. Bf4 Qf6 12. Re1+ Kd8 13. h4 h6 14. Rh3 a6 15. Be5 Qxf3 16. Bxg7 Rg8 17. Rxf3 Rxg7 18. Bd3 d6 19. Rf4 f5 20. g4 g5 21. hxg5 hxg5 22. Rf3 f4 23. Rh3 c5 24. Rh8+ Kc7 25. Ree8 Rb8 26. Kg2 b5 27. Kf3 c4 28. Bf1 Rf7 29. Rhg8 a5 30. a4 d3 31. cxd3 c3 32. bxc3 bxa4 33. d4 a3 34. Bc4 a4 35. Ke4 f3 36. Ke3 Rh7 37. Rxg5 Rb3 38. Bxb3 axb3 39. Rgg8 Bb7 0-1

[Event "Nezhmetdinov Memorial rapid 36th"]
[Site "Kazan"]
[Date "2014.05.29"]
[Round "3"]
[White "Ospennikov, Dmitry V"]
[Black "Volkov, Sergey"]
[Result "0-1"]
[WhiteElo "2240"]
[BlackElo "2584"]
[PlyCount "84"]
[EventDate "2014.05.29"]
[EventType "swiss (rapid)"]
[EventRounds "9"]
[EventCountry "RUS"]
[SourceTitle "CBM 160 Extra"]
[Source "ChessBase"]
[SourceDate "2014.07.01"]
[SourceVersion "1"]
[SourceVersionDate "2014.07.01"]
[SourceQuality "1"]

1. c4 e5 2. Nc3 Bb4 3. Nf3 Bxc3 4. bxc3 d6 5. g3 f5 6. Bg2 Nf6 7. 0-0 0-0 8. d3 Qe7 9. Ne1 Nbd7 10. Rb1 Rb8 11. Nc2 Nc5 12. Nb4 Bd7 13. Nd5 Nxd5 14. cxd5 Ba4 15. Qd2 b6 16. Qg5 Qf7 17. f4 h6 18. Qh4 e4 19. d4 Nd7 20. g4 Qxd5 21. gxf5 Nf6 22. Kh1 Qxa2 23. Rb2 Qd5 24. Be3 Bd7 25. Rg1 Bxf5 26. c4 Qxc4 27. Bh3 Bxh3 28. Qxh3 Rf7 29. Qxh6 Qc3 30. Rb5 Qxe3 31. Rbg5 Ne8 32. f5 Qxd4 33. e3 Qf6 34. Qh3 Kf8 35. Rh5 Ke7 36. Qg4 Qe5 37. Qg5+ Nf6 38. Rh7 Rg8 39. Rh4 Kd7 40. Qg6 Re7 41. Rd1 Kc8 42. Rf4 Kb7 0-1

[Event "Nezhmetdinov Memorial 35th"]
[Site "Kazan"]
[Date "2013.06.07"]
[Round "8"]
[White "Ospennikov, Dmitry V"]
[Black "Beinenson, Katsiaryna"]
[Result "1-0"]
[WhiteElo "2232"]
[BlackElo "1970"]
[PlyCount "73"]
[EventDate "2013.05.31"]
[EventType "swiss"]
[EventRounds "9"]
[EventCountry "RUS"]
[SourceTitle "CBM 154 Extra"]
[Source "ChessBase"]
[SourceDate "2013.06.25"]
[SourceVersion "2"]
[SourceVersionDate "2013.06.25"]
[SourceQuality "1"]

1. c4 c6 2. e4 e5 3. Nc3 d6 4. g3 Nf6 5. Bg2 Nbd7 6. Nge2 Be7 7. 0-0 0-0 8. d3 Rb8 9. b4 d5 10. exd5 cxd5 11. c5 d4 12. Nb1 Ne8 13. Nd2 a5 14. a3 Nc7 15. Nc4 axb4 16. axb4 Na6 17. Qb3 Kh8 18. f4 f6 19. f5 g6 20. g4 gxf5 21. gxf5 Rg8 22. Kh1 Qf8 23. Ng3 Qf7 24. Rb1 b5 25. Na5 Qxb3 26. Rxb3 Bxc5 27. bxc5 Naxc5 28. Rb1 Nxd3 29. Bh6 Nb6 30. Nh5 Rxg2 31. Kxg2 Ra8 32. Rxb5 Nd7 33. Rfb1 e4 34. Nc6 Ba6 35. Ne7 Nf4+ 36. Nxf4 Bxb5 37. Nh5 1-0

[Event "Nezhmetdinov Memorial 35th"]
[Site "Kazan"]
[Date "2013.05.31"]
[Round "1"]
[White "Ospennikov, Dmitry V"]
[Black "Maletin, Pavel"]
[Result "0-1"]
[WhiteElo "2232"]
[BlackElo "2611"]
[PlyCount "70"]
[EventDate "2013.05.31"]
[EventType "swiss"]
[EventRounds "9"]
[EventCountry "RUS"]
[SourceTitle "CBM 154 Extra"]
[Source "ChessBase"]
[SourceDate "2013.06.25"]
[SourceVersion "2"]
[SourceVersionDate "2013.06.25"]
[SourceQuality "1"]

1. e4 c5 2. Nf3 e6 3. d4 cxd4 4. Nxd4 Nc6 5. Nb5 d6 6. c4 Nf6 7. N1c3 a6 8. Na3 b6 9. Be2 Bb7 10. Be3 Be7 11. 0-0 Nb8 12. f3 Nbd7 13. Rc1 0-0 14. Qd2 Qc7 15. Rfd1 Rac8 16. Bf1 Qb8 17. Qf2 Bd8 18. Nab1 Bc7 19. g3 Rfe8 20. b4 Ne5 21. Be2 Ba8 22. Nd2 Rcd8 23. Nb3 Ng6 24. a4 h5 25. Rb1 d5 26. exd5 exd5 27. c5 Rxe3 28. Qxe3 Bxg3 29. hxg3 Qxg3+ 30. Kf1 Ng4 31. Qg1 Nh2+ 32. Qxh2 Qxh2 33. cxb6 d4 34. Nxd4 Qh1+ 35. Kf2 Qh4+ 0-1

[Event "Tatarstan-ch op"]
[Site "Kazan"]
[Date "2012.09.09"]
[Round "7"]
[White "Makhmutov, Rail"]
[Black "Ospennikov, Dmitry V"]
[Result "0-1"]
[WhiteElo "2315"]
[BlackElo "2200"]
[PlyCount "108"]
[EventDate "2012.09.03"]
[EventType "swiss"]
[EventRounds "9"]
[EventCountry "RUS"]
[SourceTitle "CBM 150 Extra"]
[Source "ChessBase"]
[SourceDate "2012.10.19"]
[SourceVersion "1"]
[SourceVersionDate "2012.10.19"]
[SourceQuality "1"]

1. d4 Nf6 2. c4 e6 3. Nc3 Bb4 4. Qc2 c5 5. dxc5 Na6 6. a3 Bxc3+ 7. Qxc3 Nxc5 8. b4 Nce4 9. Qd4 d5 10. cxd5 Qxd5 11. Qxd5 Nxd5 12. f3 Nd6 13. e4 Nb6 14. Bf4 Ke7 15. Rd1 Rd8 16. e5 Ne8 17. Bg5+ f6 18. exf6+ gxf6 19. Rxd8 Kxd8 20. Bd2 e5 21. Bd3 h5 22. h4 Be6 23. Ne2 Nc4 24. Bg6 Nxd2 25. Kxd2 Nd6 26. Bxh5 Nc4+ 27. Ke1 Nxa3 28. Bg6 f5 29. f4 Nc2+ 30. Kf2 Nxb4 31. Rd1+ Ke7 32. fxe5 Nc6 33. Nd4 Nxe5 34. h5 Nxg6 35. hxg6 Rg8 36. Re1 Rxg6 37. Nxf5+ Kf6 38. Ne3 Ke5 39. g4 Kd4 40. Kg3 a5 41. Kf4 b5 42. Nf5+ Bxf5 43. gxf5 Rg2 44. Re4+ Kc3 45. Re5 Kb4 46. Re4+ Ka3 47. f6 Rg8 48. Re3+ Ka4 49. Rf3 b4 50. f7 Rf8 51. Ke3 Ka3 52. Kd2+ b3 53. Kc1 Ka2 54. Rf2+ Ka1 0-1

[Event "Privolzhskogo FO-ch"]
[Site "Kazan"]
[Date "2012.03.06"]
[Round "9"]
[White "Yatzenko, Anton"]
[Black "Ospennikov, Dmitry V"]
[Result "1/2-1/2"]
[WhiteElo "2377"]
[BlackElo "2200"]
[PlyCount "151"]
[EventDate "2012.02.26"]
[EventType "swiss"]
[EventRounds "9"]
[EventCountry "RUS"]
[SourceTitle "CBM 147 Extra"]
[Source "ChessBase"]
[SourceDate "2012.04.24"]
[SourceVersion "1"]
[SourceVersionDate "2012.04.24"]
[SourceQuality "1"]

1. d4 Nf6 2. c4 e6 3. Nc3 Bb4 4. e3 c5 5. a3 Bxc3+ 6. bxc3 0-0 7. Bd3 d6 8. e4 Nc6 9. Ne2 e5 10. 0-0 b6 11. d5 Na5 12. f4 exf4 13. Bxf4 Ng4 14. h3 Ne5 15. Bxe5 dxe5 16. Ng3 Nb7 17. Qe2 Nd6 18. a4 a6 19. a5 b5 20. Rfb1 Bd7 21. Nf1 Qh4 22. Nd2 Qg3 23. Rf1 Rab8 24. cxb5 Bxb5 25. Rf3 Qg5 26. Ra2 Qh4 27. Kh2 Rfc8 28. Bxb5 axb5 29. c4 b4 30. g3 Qg5 31. a6 h5 32. Nb3 f5 33. exf5 e4 34. h4 Qf6 35. Rf4 Qc3 36. a7 Ra8 37. Na5 b3 38. Qd2 Qxd2+ 39. Rxd2 Rxa7 40. Nxb3 Ra3 41. Nc1 Nxc4 42. Rc2 Nd6 43. f6 c4 44. Ne2 Rd3 45. Nc3 e3 46. Kg1 Rb8 47. f7+ Kf8 48. Rf1 Rd2 49. Rfc1 Kxf7 50. Kf1 Kg6 51. Rxd2 exd2 52. Rc2 Ne4 53. Ke2 Nxg3+ 54. Kxd2 Kf5 55. Nd1 Ne4+ 56. Ke2 Nd6 57. Ne3+ Ke5 58. Nxc4+ Nxc4 59. Rxc4 Kxd5 60. Rc7 g6 61. Kf3 Rb4 62. Kg3 Rg4+ 63. Kh3 Re4 64. Rg7 Re3+ 65. Kg2 Re6 66. Kg3 Ke5 67. Rg8 Ke4 68. Rg7 Rf6 69. Re7+ Kf5 70. Rg7 Rf8 71. Ra7 Re8 72. Ra5+ Re5 73. Ra3 Rb5 74. Rf3+ Ke5 75. Re3+ Kd5 76. Re8 1/2-1/2